<?xml version='1.0' encoding='UTF-8'?>
  <record xmlns="http://www.loc.gov/MARC21/slim">
    <leader>00000ctm a22000007i 4500</leader>
    <controlfield tag="001">ocn965428940</controlfield>
    <controlfield tag="003">OCoLC</controlfield>
    <controlfield tag="005">20251122195720.5</controlfield>
    <controlfield tag="008">140506q14501500xx            000 0 lat d</controlfield>
    <datafield tag="040" ind1=" " ind2=" ">
      <subfield code="a">QGJ</subfield>
      <subfield code="b">dut</subfield>
      <subfield code="c">QGJ</subfield>
      <subfield code="d">OCLCL</subfield>
      <subfield code="d">OCLCQ</subfield>
    </datafield>
    <datafield tag="035" ind1=" " ind2=" ">
      <subfield code="a">(OCoLC)965428940</subfield>
    </datafield>
    <datafield tag="100" ind1="0" ind2=" ">
      <subfield code="a">Jordan,</subfield>
      <subfield code="c">de Saxonia,</subfield>
      <subfield code="d">ca. 1300-1380.</subfield>
      <subfield code="1">https://id.oclc.org/worldcat/entity/E39PCjB4XvrXRCqCpQkyXpFqcP</subfield>
    </datafield>
    <datafield tag="245" ind1="1" ind2="0">
      <subfield code="a">Articuli LXV passionis Domini /</subfield>
      <subfield code="c">Jordanus de Quedlinburg.</subfield>
      <subfield code="f">UBU Hs. 240 (Hs 4 G 11).</subfield>
    </datafield>
    <datafield tag="246" ind1="1" ind2=" ">
      <subfield code="a">Meditationes de passione Christi</subfield>
    </datafield>
    <datafield tag="246" ind1="1" ind2=" ">
      <subfield code="a">Arbor vitae crucifixae : excerpt</subfield>
    </datafield>
    <datafield tag="246" ind1="1" ind2=" ">
      <subfield code="a">Scala paradisi</subfield>
    </datafield>
    <datafield tag="246" ind1="1" ind2=" ">
      <subfield code="a">Epistola de passione Domini</subfield>
    </datafield>
    <datafield tag="246" ind1="1" ind2=" ">
      <subfield code="a">Versus de efficacia S. Eucharistiae</subfield>
    </datafield>
    <datafield tag="260" ind1=" " ind2=" ">
      <subfield code="c">[1450-1500]</subfield>
    </datafield>
    <datafield tag="300" ind1=" " ind2=" ">
      <subfield code="a">124 fol. :</subfield>
      <subfield code="b">penwerk ;</subfield>
      <subfield code="c">.. cm</subfield>
    </datafield>
    <datafield tag="336" ind1=" " ind2=" ">
      <subfield code="a">text</subfield>
      <subfield code="b">txt</subfield>
      <subfield code="2">rdacontent</subfield>
    </datafield>
    <datafield tag="337" ind1=" " ind2=" ">
      <subfield code="a">unmediated</subfield>
      <subfield code="b">n</subfield>
      <subfield code="2">rdamedia</subfield>
    </datafield>
    <datafield tag="338" ind1=" " ind2=" ">
      <subfield code="a">volume</subfield>
      <subfield code="b">nc</subfield>
      <subfield code="2">rdacarrier</subfield>
    </datafield>
    <datafield tag="340" ind1=" " ind2=" ">
      <subfield code="a">Papier, perkament</subfield>
      <subfield code="k">29-32 regeles, littera hybrida.</subfield>
    </datafield>
    <datafield tag="500" ind1=" " ind2=" ">
      <subfield code="a">Bevat ook: Excerptum ex libro Arboriss crucifixiae vitae Jesu / Ubertino da Casale (excerpt); De spirituali exercitio hominis / Guigo Carthusiensis II; Epistola ad fr. Wilh. Vriman, de passione Domini / Joannes de Scoenhovia; Versus de efficacia S. Eucharistiae / Beda.</subfield>
    </datafield>
    <datafield tag="500" ind1=" " ind2=" ">
      <subfield code="a">Retro-invoer Handschriften UB Utrecht.</subfield>
    </datafield>
    <datafield tag="524" ind1=" " ind2=" ">
      <subfield code="a">Te citeren als: Universiteitsbibliotheek Utrecht Hs. 240 (Hs 4 G 11).</subfield>
    </datafield>
    <datafield tag="581" ind1=" " ind2=" ">
      <subfield code="a">P.A. Tiele, Catalogus codicum manu scriptorum Bibliothecae Universitatis Rheno-Trajectinae. I. Trajecti ad Rhenum / Hagae Comitis 1887. P. 79-80.</subfield>
    </datafield>
    <datafield tag="581" ind1=" " ind2=" ">
      <subfield code="a">A. Gruijs &amp; E. Persoons, 'Index des manuscrits contenant les oeuvres de Jean de Schoonhoven (1356-1432)', in: Scriptorium 20 (1966), p. 75-82.</subfield>
    </datafield>
    <datafield tag="581" ind1=" " ind2=" ">
      <subfield code="a">R. Lievens, "Jordanus van Quedlinburg in de Nederlanden. Een onderzoek naar de handschriften", Gent, 1958 (Koninklijke Vlaamse Academie voor Taal en Letterkunde, Reeks VI, nr. 82), pp. 368-371.</subfield>
    </datafield>
    <datafield tag="581" ind1=" " ind2=" ">
      <subfield code="a">A. Zumkeller, Manuskripte von Werken der Autoren des Augustiner-Eremitenordens in mitteleuropäischen Bibliotheken. Würzburg 1966. Nr. 646.</subfield>
    </datafield>
    <datafield tag="581" ind1=" " ind2=" ">
      <subfield code="a">Guiges II le Chartreux, Lettre sur la Vie contemplatives (l'Echelle des moines) et Douze méditations. Introd. et texte crit. par E. Colledge &amp; J. Walsh. Paris 1970. (= Collections Chrétiennes, 163).</subfield>
    </datafield>
    <datafield tag="581" ind1=" " ind2=" ">
      <subfield code="a">E. Manning, ' ''Sources chrétiennes", dernières publications de la série Latine', in: Scriptorium 26 (1972), p. 314-316.</subfield>
    </datafield>
    <datafield tag="581" ind1=" " ind2=" ">
      <subfield code="a">R.Th.M. van Dijk, 'Prolegomena ad Gerardi Magni Opera Omnia', in: Corpus Christianorum Continuatio mediaevalis; 192, p. 7-744.</subfield>
    </datafield>
    <datafield tag="581" ind1=" " ind2=" ">
      <subfield code="a">J. Gumbert, 'Handschriften in de bibliotheek van het Paulusklooster', in: De nalatenschap van de Paulusabdij in Utrecht. Red. H. van Engen en K. van Vliet. Hilversum 2012, p. 91-102 (= Middeleeuwse studies en bronnen 130).</subfield>
    </datafield>
    <datafield tag="530" ind1=" " ind2=" ">
      <subfield code="a">Also available in online version.</subfield>
    </datafield>
    <datafield tag="655" ind1=" " ind2="7">
      <subfield code="a">Handschriften (vorm)</subfield>
      <subfield code="0">(NL-LeOCL)088143309.</subfield>
      <subfield code="2">gtt</subfield>
    </datafield>
    <datafield tag="700" ind1="0" ind2=" ">
      <subfield code="a">Beda,</subfield>
      <subfield code="c">Venerabilis,</subfield>
      <subfield code="d">673-735.</subfield>
      <subfield code="1">https://id.oclc.org/worldcat/entity/E39PCjt9pXwhqDvQJ9rtKrHCpP</subfield>
    </datafield>
    <datafield tag="700" ind1="0" ind2=" ">
      <subfield code="a">Guigo Carthusianus</subfield>
      <subfield code="b">II,</subfield>
      <subfield code="d">?-ca. 1188.</subfield>
    </datafield>
    <datafield tag="700" ind1="0" ind2=" ">
      <subfield code="a">Jan,</subfield>
      <subfield code="c">van Schoonhoven,</subfield>
      <subfield code="d">1356-1432.</subfield>
      <subfield code="1">https://id.oclc.org/worldcat/entity/E39PBJxWRDvQfTvHRpkxKdV6Kd</subfield>
    </datafield>
    <datafield tag="700" ind1="0" ind2=" ">
      <subfield code="a">Ubertino da Casale.</subfield>
    </datafield>
    <datafield tag="710" ind1="2" ind2=" ">
      <subfield code="a">Benedictijner-Abdij van S. Paulus (Utrecht)</subfield>
      <subfield code="4">fmo</subfield>
    </datafield>
    <datafield tag="776" ind1="0" ind2="8">
      <subfield code="i">Online version:</subfield>
      <subfield code="a">Jordanus von Quedlinburg,</subfield>
      <subfield code="t">Articuli LXV passionis Domini /</subfield>
    </datafield>
    <datafield tag="856" ind1="4" ind2="1">
      <subfield code="u">http://objects.library.uu.nl/reader/resolver.php?obj=002597851&amp;type=2</subfield>
      <subfield code="x">Online</subfield>
      <subfield code="z">Full Text</subfield>
    </datafield>
    <datafield tag="936" ind1=" " ind2=" ">
      <subfield code="a">BATCHLOAD</subfield>
    </datafield>
  </record>